Statistics for Governor of Massachusetts Quiz

Click here to take the quiz!

General Stats

  • This quiz has been taken 11 times
  • The average score is 10 of 66

Answer Stats

YearsGovernor% Correct
2003–2007Mitt Romney
90%
2015–Charlie Baker
70%
1975–1979,
1983–1991
Michael Dukakis
60%
1793–1797Samuel Adams
50%
2007–2015Deval Patrick
40%
1997–2001Paul Cellucci
30%
1991–1997Bill Weld
30%
1780–1785,
1787–1793
John Hancock
30%
1949–1953Paul A. Dever
20%
1919–1921Calvin Coolidge
20%
1945–1947Maurice J. Tobin
20%
1931–1935Joseph B. Ely
20%
1810–1812Elbridge Gerry
20%
1853–1854John H. Clifford
10%
1876–1879Alexander H. Rice
10%
1875–1876William Gaston
10%
1797–1799Increase Sumner
10%
1872–1874William B. Washburn
10%
1869–1872William Claflin
10%
1866–1869Alexander H. Bullock
10%
1861–1866John Albion Andrew
10%
1858–1861Nathaniel Prentice Banks
10%
1855–1858Henry Gardner
10%
1854–1855Emory Washburn
10%
1851–1853George S. Boutwell
10%
1800–1807,
1812–1816
Caleb Strong
10%
1844–1851George N. Briggs
10%
1807–1808James Sullivan
10%
1840–1841,
1843–1844
Marcus Morton
10%
1834–1835,
1841–1843
John Davis
10%
1836–1840Edward Everett
10%
1880–1883John Davis Long
10%
1825–1834Levi Lincoln Jr.
10%
1823–1825William Eustis
10%
1816–1823John Brooks
10%
1809–1810Christopher Gore
10%
1879–1880Thomas Talbot
10%
1891–1894William E. Russell
10%
1883–1884Benjamin F. Butler
10%
1925–1929Alvan T. Fuller
10%
1979–1983Edward J. King
10%
1969–1975Francis Sargent
10%
1961–1963,
1965–1969
John Volpe
10%
1963–1965Endicott Peabody
10%
1957–1961Foster Furcolo
10%
1953–1957Christian A. Herter
10%
1947–1949Robert F. Bradford
10%
1939–1945Leverett Saltonstall
10%
1937–1939Charles F. Hurley
10%
1935–1937James Michael Curley
10%
1929–1931Frank G. Allen
10%
1921–1925Channing H. Cox
10%
1884–1887George D. Robinson
10%
1916–1919Samuel W. McCall
10%
1914–1916David I. Walsh
10%
1911–1914Eugene Noble Foss
10%
1909–1911Eben Summer Draper
10%
1906–1909Curtis Guild Jr.
10%
1905–1906William L. Douglas
10%
1903–1905John L. Bates
10%
1900–1903Winthrop Murray Crane
10%
1896–1900Roger Wolcott
10%
1894–1896Frederic T. Greenhalge
10%
1890–1891John Q. A. Brackett
10%
1887–1890Oliver Ames
10%
1785–1787James Bowdoin
10%

Score Distribution

Percentile by Number Answered

Percent of People with Each Score

Your Score History

You have not taken this quiz